Reader, I married him: A study of the woman characters of Jane Austen, Charlotte Bronte, Elizabeth Goskell and George Eliot (Record no. 203636)

MARC details
000 -LEADER
fixed length control field 00449nam a2200145Ia 4500
008 - FIXED-LENGTH DATA ELEMENTS--GENERAL INFORMATION
fixed length control field 230917s9999||||xx |||||||||||||| ||und||
040 ## - CATALOGING SOURCE
-- 39939
Original cataloging agency VIVEKANANDA LIBRARY
041 ## - Language
-- English
082 ## - DDC NUMBER
Classification number 823.709 B392R
100 ## - MAIN ENTRY--PERSONAL NAME
Personal name Beer, Patricia
245 #0 - TITLE STATEMENT
Title Reader, I married him: A study of the woman characters of Jane Austen, Charlotte Bronte, Elizabeth Goskell and George Eliot
260 ## - PUBLICATION, DISTRIBUTION, ETC. (IMPRINT)
Place of publication, distribution, etc London
Name of publisher, distributor, etc Macmillan
Date of publication, distribution, etc 1980
300 ## - PHYSICAL DESCRIPTION
Pages ix, 213 p.
942 ## - ADDED ENTRY ELEMENTS (KOHA)
Koha item type Books
Holdings
Withdrawn status Lost status Damaged status Not for loan Location (home branch) Sublocation or collection (holding branch) Date acquired Koha issues (times borrowed) Koha full call number Accession No. Koha date last seen Koha item type
        VIVEKANANDA LIBRARY VIVEKANANDA LIBRARY 29/08/2002   823.709 B392R 63848 17/09/2023 Books
© Designed and Maintained by Vivekananda Library, MDU Rohtak